00767nam a22002177a 450000500170000001000150001702000260003203500130005803700130007108200110008410000160009524500630011126000540017427000640022830000200029250000500031270000210036294200250038399900170040895201240042520131217112926.0 aENG-108841 a9789381176306c795.00 aEN-92374 bDBAD/PUB a001.42 aSahu, N. K. aResearch methodology /cby N.K. Sahu [and] Dillip K. Swain aNew DelhibSSDN Publishers and Distributorsc2013 a5A, Sahni Mansion, Ansari Road DaryaganjbNew Delhie110002 a311p.c22cm(Hb) aIncludes bibliographical references and index aSwain, Dillip K. 2ddccENmSAHh001.42 c81179d81179 001040718NFICaDBADbDBADd2013-12-17eDBAD/PUBg795.00l0o001.42 SAHpEN-92374r2013-12-17 00:00:00t1v795.00yEN